00569cam a2200193 a 450000100100000000500170001000800410002702500190006803500190008704000260010604200120013208200190014410000240016324500480018726000650023530000270030065000230032765000250035000001496420200929163930.0830228s1967 ag 001 p spa  a(LACAP67-2225) a(OCoLC)9265231 aDO-SdBNPcICarbSdDLC apremarc aA861.44bC141t1 aCalabrese, Mabel E.10aTiempo ... y sentido /cMabel E. Calabrese. aBuenos Aires :bInternacional deArtes, Publicaciones,c1967. a84 p. :bil. ;c19 cm. 4aPoesía argentina 4aLiteratura argentina